Aku mahu lawan hantu / (No. rekod 1840)
[ format kosong ]
| 000 -LEADER | |
|---|---|
| fixed length control field | 01988nam a2200241 a 4500 |
| 003 - CONTROL NUMBER IDENTIFIER | |
| control field | KPN |
| 005 - DATE AND TIME OF LATEST TRANSACTION | |
| control field | 20260429095619.0 |
| 008 - FIXED-LENGTH DATA ELEMENTS--GENERAL INFORMATION | |
| fixed length control field | 20260429b 00| 0 my d |
| 020 ## - INTERNATIONAL STANDARD BOOK NUMBER | |
| International Standard Book Number | 9789671040454 |
| Terms of availability | RM16.00 |
| Qualifying information | paperback |
| 040 ## - CATALOGING SOURCE | |
| Transcribing agency | KPN |
| 082 04 - DEWEY DECIMAL CLASSIFICATION NUMBER | |
| Classification number | BM FK AIN 2011 |
| Edition number | 23 |
| 090 00 - LOCALLY ASSIGNED LC-TYPE CALL NUMBER (OCLC); LOCAL CALL NUMBER (RLIN) | |
| Classification number (OCLC) (R) ; Classification number, CALL (RLIN) (NR) | BM FK AIN 2011 |
| Local cutter number (OCLC) ; Book number/undivided call number, CALL (RLIN) | AIN |
| 100 0# - MAIN ENTRY--PERSONAL NAME | |
| Personal name | Ain Maisarah, |
| Dates associated with a name | 1982- |
| 245 10 - TITLE STATEMENT | |
| Title | Aku mahu lawan hantu / |
| Statement of responsibility, etc. | Ain Maisarah, Hanna Johan |
| 260 ## - PUBLICATION, DISTRIBUTION, ETC. | |
| Place of publication, distribution, etc. | Batu Caves, Selangor : |
| Name of publisher, distributor, etc. | Blink Book, |
| Date of publication, distribution, etc. | 2011 |
| 300 ## - PHYSICAL DESCRIPTION | |
| Extent | 211 pages, 13 unnumbered pages; |
| Other physical details | illustrations; |
| Dimensions | 20cm. |
| 490 1# - SERIES STATEMENT | |
| Series statement | Aku mahu |
| 521 ## - TARGET AUDIENCE NOTE | |
| Target audience note | Kelepasan daripada belajar di sekolah selama seminggu memang suatu berita yang menyeronokkan! Namun, The Wannababes menerima berita ini dengan rasa was-was dan sangsi. Selama seminggu itu mereka terpaksa menghadiri kem pasukan sorak di Universiti Selatan Malaysia. Sebuah universiti yang letaknya di ceruk hutan. Mereka akur dengan mengikuti kem itu kerana tidak mahu dilucutkan jawatan. Pelbagai perkara aneh berlaku sejak awal perjalanan dimulakan. Kisah gelanggang misteri. Segalanya terlerai seketika kerana The Wannababes gembira diberikan sebuah rumah tamu yang besar seperti banglo sebagai tempat tinggal selama seminggu itu. Kegembiraan itu tiba-tiba dirampas apabila datangnya sebuah tim debat dari Sekolah Menengah Kebangsaan Agama Siput Sedut yang akan berkongsi rumah dengan mereka. Pelbagai aksi buli-membuli dilakukan The Wannababes kerana mahu menyerlahkan kekuasaan mereka. Tim debat cuba bersabar. Suatu hari The Wannababes beria-ia mahu berbaik dengan tim debat kerana tidak tahan diganggu semula perkara-perkara aneh dan menyeramkan. Kesempatan diambil daripada tim debat kerana mereka arif tentang menghalau makhluk halus. The Wannababes diminta mengamalkan perkara-perkara yang tertulis dalam senarai yang disediakan oleh pasukan debat untuk mengelakkan gangguan makhluk halus yang sering mengganggu. |
| 650 10 - SUBJECT ADDED ENTRY--TOPICAL TERM | |
| Topical term or geographic name entry element | Malay fiction |
| 700 0# - ADDED ENTRY--PERSONAL NAME | |
| Personal name | Hanna Johan, |
| Dates associated with a name | 1987- |
| 830 #0 - SERIES ADDED ENTRY--UNIFORM TITLE | |
| Uniform title | Aku mahu |
| 942 ## - ADDED ENTRY ELEMENTS (KOHA) | |
| Source of classification or shelving scheme | |
| Koha item type | Book |
| Suppress in OPAC | No |
| Withdrawn status | Lost status | Source of classification or shelving scheme | Damaged status | Not for loan | Collection code | Home library | Current library | Shelving location | Date acquired | Total Checkouts | Full call number | Barcode | Date last seen | Price effective from | Koha item type |
|---|---|---|---|---|---|---|---|---|---|---|---|---|---|---|---|
| Fiction | Perpustakaan Kementerian Perpaduan Malaysia | Perpustakaan Kementerian Perpaduan Malaysia | Children Fiction Rack | 29/04/2026 | BM FK AIN 2011 | KPN26040073 | 29/04/2026 | 29/04/2026 | Book |